<The> Reality of olive presse in Palestine during 2003-2007

Pohľad na ekonomické ukazovatele lisovní, produkujúcich výrobky z olív v Palestíne, za obdobie rokov 2003-2007.

Salvato in:
Dettagli Bibliografici
Autore principale: Iriqat, Raed
Natura: Capitolo di libro
Lingua:inglese
Soggetti:
Tags: Aggiungi Tag
Nessun Tag, puoi essere il primo ad aggiungerne!!

MARC

LEADER 00000nla$a2200000$$$4500
001 0096683
005 20240502072055.7
041 0 |a eng 
044 |a SK 
245 1 0 |a <The> Reality of olive presse in Palestine during 2003-2007  |c Raed Iriqat 
520 |a Pohľad na ekonomické ukazovatele lisovní, produkujúcich výrobky z olív v Palestíne, za obdobie rokov 2003-2007. 
610 2 0 |a Palestína 
610 2 0 |a výroba poľnohospodárska 
610 2 0 |a produkty 
610 2 0 |a oleje rastlinné 
610 2 0 |a ukazovatele ekonomické 
100 1 |a Iriqat, Raed